| 000 | 00545nam a2200217Ia 4500 | ||
|---|---|---|---|
| 003 | GCL | ||
| 008 | 140319s9999 xx 000 0 eng d | ||
| 040 |
_aGCL / _cGCL |
||
| 082 | 0 | 4 |
_a652.5416 _bA M |
| 100 | 1 | _aAUVIL, MARY | |
| 245 | 1 | 0 |
_aMICROSOFT WORD 5.5 / _cAUVIL, MARY |
| 260 |
_a[S.N] : _bBOYD - FRASER PUBLISHING CO ، _c1994 |
||
| 300 | _a192 PP | ||
| 650 | 0 | 4 | _aنار |
| 650 | 0 | 4 | _aWORD PROCESSING |
| 650 | 0 | 4 | _aMICROSOFT |
| 650 | 0 | 4 | _aSAVING DOCUMENT |
| 650 | 0 | 4 | _aTHESAURUS |
| 650 | 0 | 4 | _aPRINTING DOCUMENT |
| 942 |
_2ddc _cBK |
||
| 999 |
_c15548 _d15548 |
||